00631nam a2200205 a 450000100060000000300090000600800410001502000180005604000280007408200160010210000330011824500920015125000100024326000630025330000100031649000280032665000160035470000270037070000280039723967CO-ViMGA141112s2004 ck r 000 u spa d a9789589076378 aCO-ViMGAbspacCO-ViMGA04a616.8 U751n1 aUribe Uribe, Carlos Santiago10aNeurologia / cCarlos Santiago Uribe Uribe, Abraham Arana Chacon, Pablo Lorenzana Pombo a7 ed. aColombia : bcorporacion para Investigaciónes biologicas a809p. aFundamentos de medicina14aNEUROLOGIA 1 aArana Chacon, Abraham 1 aLorenzana Pombo, Pablo